[Event "Madrid ch - Semifinal A"]
[Site "Madrid ESP"]
[Date "2011.02.01"]
[Round "8.11"]
[White "Camarero Izquierdo, Juan C"]
[Black "Lopez De Turiso, Jose Angel"]
[Result "0-1"]
[WhiteElo "1939"]
[BlackElo "2064"]
[PlyCount "88"]
[EventDate "2011.01.17"]
[EventType "swiss"]
[EventRounds "9"]
[EventCountry "ESP"]
[Source "lmi"]
[SourceDate "2011.01.17"]

1. e4 e5 2. Nf3 Nc6 3. d4 exd4 4. Nxd4 Nf6 5. Nc3 Bb4 6. Nxc6 bxc6 7. Bd3 d5 8.
Bd2 O-O 9. e5 Ng4 10. f4 Bc5 11. Rf1 f6 12. e6 f5 13. Bxf5 Rxf5 14. Qxg4 Bxe6
15. O-O-O Qd6 16. Qf3 Rb8 17. g4 Rff8 18. f5 Bd4 19. Bf4 Qb4 20. Rxd4 Qxd4 21.
fxe6 g5 22. Qe2 Rxf4 23. Re1 Rf2 24. Qd3 Qxd3 25. cxd3 Kf8 26. Ne2 c5 27. b3
Rf6 28. e7+ Kxe7 29. Ng3+ Re6 30. Nf5+ Kd7 31. Rh1 Rbe8 32. h4 Re1+ 33. Rxe1
Rxe1+ 34. Kd2 Rg1 35. h5 Rxg4 36. Ne3 Rd4 37. Ke2 c6 38. Nf5 Rf4 39. Nh6 Rh4
40. Ng8 Ke6 41. Kf3 Rxh5 42. Kg4 Rh1 43. a4 Kf7 44. Kxg5 Kxg8 0-1

[Event "Madrid ch - Semifinal A"]
[Site "Madrid ESP"]
[Date "2011.02.01"]
[Round "8.12"]
[White "Ruiz Quevedo, Andres"]
[Black "Quintero Torres, Pedro"]
[Result "0-1"]
[WhiteElo "1950"]
[BlackElo "1968"]
[PlyCount "56"]
[EventDate "2011.01.17"]
[EventType "swiss"]
[EventRounds "9"]
[EventCountry "ESP"]
[Source "lmi"]
[SourceDate "2011.01.17"]

1. c4 e5 2. g3 Nf6 3. Bg2 Nc6 4. Nf3 Bc5 5. O-O d6 6. Nc3 O-O 7. a3 a5 8. d3 h6
9. Rb1 Be6 10. Na4 Qd7 11. Bd2 Bh3 12. b4 Bxg2 13. Kxg2 axb4 14. Nxc5 dxc5 15.
axb4 cxb4 16. Bxb4 Nxb4 17. Rxb4 Qc6 18. Kg1 Rfe8 19. Rb5 e4 20. Ne5 Qd6 21. d4
b6 22. e3 c5 23. Qb3 cxd4 24. exd4 Qxd4 25. Rd1 Ra1 26. Rxa1 Qxa1+ 27. Kg2 Rxe5
28. Rxb6 Qd4 0-1

[Event "Madrid ch - Semifinal A"]
[Site "Madrid ESP"]
[Date "2011.02.01"]
[Round "8.13"]
[White "Rojas Pozo, Jose Luis"]
[Black "Sarabia Utrilla, Joaquin"]
[Result "1-0"]
[WhiteElo "1946"]
[BlackElo "1840"]
[PlyCount "87"]
[EventDate "2011.01.17"]
[EventType "swiss"]
[EventRounds "9"]
[EventCountry "ESP"]
[Source "lmi"]
[SourceDate "2011.01.17"]

1. d4 d5 2. Nf3 Nf6 3. c4 e6 4. Nc3 c6 5. e3 Bb4 6. Bd2 Nbd7 7. Be2 O-O 8. O-O
Bd6 9. Qc2 e5 10. cxd5 cxd5 11. Nb5 Qe7 12. Nxd6 Qxd6 13. dxe5 Nxe5 14. Qb3 Nc6
15. Bc3 Ne4 16. Rfd1 Rd8 17. Rac1 Rb8 18. Nd4 Qf6 19. Be1 Ne5 20. Nb5 Qg6 21.
Rxd5 Bh3 22. g3 Qf5 23. Rxd8+ Rxd8 24. Nd4 Qf6 25. f3 Rxd4 26. exd4 Nc6 27.
fxe4 Qxd4+ 28. Kh1 Qxe4+ 29. Bf3 Qf5 30. Rxc6 bxc6 31. Qb8+ Qc8 32. Qxc8+ Bxc8
33. Bxc6 Kf8 34. Bb4+ Kg8 35. Bd5 h6 36. Bc5 a6 37. Bc6 f5 38. b4 Kf7 39. a4 g5
40. b5 f4 41. gxf4 gxf4 42. Bd6 Ke6 43. Bxf4 h5 44. b6 1-0

[Event "Madrid ch - Semifinal A"]
[Site "Madrid ESP"]
[Date "2011.02.01"]
[Round "8.14"]
[White "Garcia Martin, Juan Manuel"]
[Black "Martin-Consuegra Barrilero, Javi"]
[Result "1/2-1/2"]
[WhiteElo "1903"]
[BlackElo "1906"]
[PlyCount "120"]
[EventDate "2011.01.17"]
[EventType "swiss"]
[EventRounds "9"]
[EventCountry "ESP"]
[Source "lmi"]
[SourceDate "2011.01.17"]

1. d4 d6 2. Bf4 Nf6 3. Nf3 Nh5 4. Bg3 c6 5. c3 g6 6. e3 Bg7 7. Be2 O-O 8. Nbd2
a5 9. O-O b6 10. Bh4 Qc7 11. Ng5 Nf6 12. Nge4 Nbd7 13. Nxf6+ Nxf6 14. Bf3 Bb7
15. Ne4 Nxe4 16. Bxe4 e5 17. dxe5 Bxe5 18. Bg3 Rfe8 19. Bxe5 Rxe5 20. Bf3 d5
21. Re1 Rae8 22. Qc2 Ba6 23. Rad1 Bc8 24. Rd4 Bf5 25. Qd1 Be4 26. Bxe4 Rxe4 27.
Qf3 f5 28. g3 b5 29. Red1 Qb8 30. R1d3 R8e6 31. Qe2 f4 32. Qd2 fxg3 33. hxg3
Qf8 34. Rxe4 Rxe4 35. Rd4 Qf5 36. Kg2 a4 37. Qd3 Qe6 38. Rxe4 Qxe4+ 39. Qxe4
dxe4 40. g4 Kf7 41. Kg3 g5 42. f4 exf3 43. Kxf3 Ke6 44. Ke4 c5 45. b4 axb3 46.
axb3 h6 47. b4 cxb4 48. cxb4 Kf6 49. Kd5 h5 50. gxh5 g4 51. Ke4 Kg5 52. h6 Kxh6
53. Kf4 Kh5 54. Kg3 Kg5 55. e4 Kh5 56. Kf2 Kh4 57. Kg2 Kg5 58. Kg3 Kh5 59. Kf2
Kh4 60. Kg2 Kh5 1/2-1/2

[Event "Madrid ch - Semifinal A"]
[Site "Madrid ESP"]
[Date "2011.02.01"]
[Round "8.15"]
[White "Lopez Peral, Enrique"]
[Black "Perez Del Amo, Jorge"]
[Result "1/2-1/2"]
[WhiteElo "1877"]
[BlackElo "1854"]
[PlyCount "80"]
[EventDate "2011.01.17"]
[EventType "swiss"]
[EventRounds "9"]
[EventCountry "ESP"]
[Source "lmi"]
[SourceDate "2011.01.17"]

1. c4 Nf6 2. d4 e6 3. a3 a5 4. Nc3 d5 5. Bg5 Be7 6. e3 c6 7. Nf3 h6 8. Bh4 O-O
9. Bd3 Nbd7 10. O-O Re8 11. h3 Nh5 12. Bxe7 Qxe7 13. cxd5 cxd5 14. Rc1 Nhf6 15.
Nd2 Nb6 16. Na4 Nxa4 17. Qxa4 Bd7 18. Qc2 Bc6 19. Qc5 Qd7 20. b4 axb4 21. axb4
Red8 22. Kh2 Qc7+ 23. g3 Nd7 24. Qc3 Qb6 25. Rb1 Rdc8 26. Rfc1 Ra2 27. Rc2 Rxc2
28. Bxc2 f5 29. Nb3 Qc7 30. Nc5 Nxc5 31. bxc5 Rb8 32. Qd3 b5 33. cxb6 Rxb6 34.
Rxb6 Qxb6 35. g4 g6 36. h4 Qc7+ 37. Kg2 Qf7 38. f4 Kg7 39. g5 h5 40. Qa6 Qc7
1/2-1/2

[Event "Madrid ch - Semifinal A"]
[Site "Madrid ESP"]
[Date "2011.02.02"]
[Round "9.1"]
[White "Gemy, Jose Daniel"]
[Black "Fuentes Arjona, Antonio"]
[Result "1-0"]
[WhiteElo "2301"]
[BlackElo "2006"]
[PlyCount "75"]
[EventDate "2011.01.17"]
[EventType "swiss"]
[EventRounds "9"]
[EventCountry "ESP"]
[Source "lmi"]
[SourceDate "2011.01.17"]

1. Nf3 c5 2. b3 d5 3. Bb2 Nc6 4. e3 Nf6 5. Bb5 Bd7 6. O-O g6 7. c4 Nb4 8. Ne5
d4 9. exd4 Bxb5 10. cxb5 cxd4 11. a3 Nbd5 12. Bxd4 Bg7 13. Nc3 O-O 14. Qf3 Nb4
15. Bc5 Nc2 16. Ra2 Qc7 17. d4 b6 18. Rxc2 bxc5 19. Na4 Qd6 20. Nxc5 Rab8 21.
a4 Rbc8 22. Nc6 Rc7 23. Qg3 h5 24. Qxd6 exd6 25. Na6 Rb7 26. Nab4 Re8 27. Nd3
Kf8 28. Re1 Rxe1+ 29. Nxe1 Ke8 30. Re2+ Kf8 31. Nc2 Nd5 32. Ne3 Nf4 33. Re1 Ne6
34. Rd1 Nc7 35. Nc4 Ne8 36. d5 Bc3 37. Rc1 Bf6 38. b4 1-0

[Event "Madrid ch - Semifinal A"]
[Site "Madrid ESP"]
[Date "2011.02.02"]
[Round "9.2"]
[White "Spitzer Isbert, Ramon"]
[Black "De La Fuente Gonzalez, Francisco"]
[Result "1/2-1/2"]
[WhiteElo "2082"]
[BlackElo "2230"]
[PlyCount "36"]
[EventDate "2011.01.17"]
[EventType "swiss"]
[EventRounds "9"]
[EventCountry "ESP"]
[Source "lmi"]
[SourceDate "2011.01.17"]

1. Nf3 d5 2. c4 c6 3. b3 Nf6 4. Bb2 Bf5 5. h3 e6 6. g4 Bg6 7. Bg2 Nbd7 8. d3 h6
9. Nbd2 Bd6 10. cxd5 cxd5 11. Nd4 Qb6 12. O-O e5 13. Nc2 O-O 14. Ne3 Qa5 15. a3
Nb6 16. Nf3 d4 17. Nc4 Nxc4 18. bxc4 Rab8 1/2-1/2

[Event "Madrid ch - Semifinal A"]
[Site "Madrid ESP"]
[Date "2011.02.02"]
[Round "9.3"]
[White "Rodriguez De Castro, Ayar"]
[Black "Ramirez Garcia, Jorge Alberto"]
[Result "1/2-1/2"]
[WhiteElo "2103"]
[BlackElo "2255"]
[PlyCount "108"]
[EventDate "2011.01.17"]
[EventType "swiss"]
[EventRounds "9"]
[EventCountry "ESP"]
[Source "lmi"]
[SourceDate "2011.01.17"]

1. d4 d5 2. c4 e6 3. e3 Nf6 4. Nf3 c5 5. Bd3 Nc6 6. O-O b6 7. cxd5 Nxd5 8. Nc3
cxd4 9. Bb5 Nde7 10. exd4 Bb7 11. Re1 a6 12. Ba4 b5 13. Bb3 Na5 14. Bg5 h6 15.
Bh4 g5 16. Bg3 Nxb3 17. axb3 Bg7 18. Be5 f6 19. Bg3 Kf7 20. Qe2 Qd7 21. Rad1
Rad8 22. h3 Rhe8 23. b4 Nd5 24. Ne4 Nxb4 25. Nd6+ Kg8 26. Nxe8 Rxe8 27. Rc1 Bf8
28. Rc7 Qd5 29. Rec1 a5 30. Qd1 Na6 31. R7c2 Bb4 32. Qd3 Kg7 33. Bc7 Re7 34.
Bg3 a4 35. Qe3 h5 36. Kh2 h4 37. Be5 Kf7 38. Rc8 Qe4 39. Nxg5+ fxg5 40. Qxg5
Bxc8 41. Qf6+ Ke8 42. Rxc8+ Kd7 43. Qf8 Ba5 44. Ra8 Qb7 45. Bf6 Bb4 46. Rd8+
Kc6 47. Bxe7 Bxe7 48. Qe8+ Kb6 49. Rd7 Qe4 50. Qxe7 Qf4+ 51. Kg1 Qc1+ 52. Kh2
Qf4+ 53. Kh1 Qc1+ 54. Kh2 Qf4+ 1/2-1/2

[Event "Madrid ch - Semifinal A"]
[Site "Madrid ESP"]
[Date "2011.02.02"]
[Round "9.4"]
[White "Perez Gonzalez, Jose Manuel"]
[Black "Alvarez Abejon, Amilcar"]
[Result "1-0"]
[WhiteElo "2279"]
[BlackElo "2094"]
[PlyCount "64"]
[EventDate "2011.01.17"]
[EventType "swiss"]
[EventRounds "9"]
[EventCountry "ESP"]
[Source "lmi"]
[SourceDate "2011.01.17"]

1. e4 e5 2. Bc4 Nf6 3. d4 exd4 4. Nf3 Nc6 5. e5 Ne4 6. Qe2 Nc5 7. O-O Be7 8.
Rd1 Ne6 9. Bxe6 dxe6 10. Be3 O-O 11. Bxd4 Qe8 12. Nc3 Bd7 13. Ne4 Nxd4 14. Rxd4
Bc6 15. Rad1 Rd8 16. Rxd8 Bxd8 17. Nd4 Be7 18. b3 Bxe4 19. Qxe4 c6 20. Rd3 Qb8
21. Ne2 Rd8 22. f4 Rxd3 23. Qxd3 Qd8 24. Qxd8+ Bxd8 25. Kf2 g5 26. g3 g4 27.
Ke3 h5 28. f5 exf5 29. Kf4 Kg7 30. Kxf5 Kh6 31. Nc3 Kg7 32. Ne4 Be7 1-0

[Event "Madrid ch - Semifinal A"]
[Site "Madrid ESP"]
[Date "2011.02.02"]
[Round "9.5"]
[White "Monge Gilgado, Eva Maria"]
[Black "Pastor Alonso De Prado, Emilio A"]
[Result "1/2-1/2"]
[WhiteElo "1832"]
[BlackElo "2176"]
[PlyCount "51"]
[EventDate "2011.01.17"]
[EventType "swiss"]
[EventRounds "9"]
[EventCountry "ESP"]
[Source "lmi"]
[SourceDate "2011.01.17"]

1. e4 e5 2. Bc4 Nf6 3. d3 Nc6 4. c3 Be7 5. Nf3 O-O 6. Bg5 d6 7. O-O Na5 8. Bb5
a6 9. Ba4 b5 10. Bc2 c5 11. d4 Qc7 12. dxe5 dxe5 13. Nbd2 Bb7 14. Qe2 Rfe8 15.
Rfd1 Nh5 16. Bxe7 Rxe7 17. Nh4 Nf4 18. Qg4 h5 19. Qf3 g6 20. g3 Nh3+ 21. Kg2
Bc8 22. Qe3 Qc6 23. f3 Nb7 24. a4 Rb8 25. axb5 axb5 26. Nb3 1/2-1/2

[Event "Madrid ch - Semifinal A"]
[Site "Madrid ESP"]
[Date "2011.02.02"]
[Round "9.6"]
[White "Cabanas Bravo, Juan Andres"]
[Black "Lopez Heras, Arturo"]
[Result "1-0"]
[WhiteElo "2059"]
[BlackElo "2021"]
[PlyCount "39"]
[EventDate "2011.01.17"]
[EventType "swiss"]
[EventRounds "9"]
[EventCountry "ESP"]
[Source "lmi"]
[SourceDate "2011.01.17"]

1. e4 e5 2. d4 exd4 3. c3 c5 4. Nf3 Nc6 5. Bc4 Qe7 6. O-O d6 7. Bg5 f6 8. Bf4
Ne5 9. cxd4 Nxc4 10. Qa4+ Kd8 11. Qxc4 Qxe4 12. Bg3 Qe6 13. Qc3 Ne7 14. dxc5
dxc5 15. Na3 Nf5 16. Rfe1 Qc6 17. Rad1+ Bd7 18. Bf4 g5 19. Bxg5 Bg7 20. Ne5 1-0

[Event "Madrid ch - Semifinal A"]
[Site "Madrid ESP"]
[Date "2011.02.02"]
[Round "9.7"]
[White "Perez Cameselle, Francisco"]
[Black "Garcia Ruido, Ricardo"]
[Result "0-1"]
[WhiteElo "1904"]
[BlackElo "2067"]
[PlyCount "64"]
[EventDate "2011.01.17"]
[EventType "swiss"]
[EventRounds "9"]
[EventCountry "ESP"]
[Source "lmi"]
[SourceDate "2011.01.17"]

1. Nf3 c5 2. g3 d5 3. Bg2 Nf6 4. d3 Nc6 5. Nbd2 e6 6. e4 Be7 7. O-O b6 8. Qe2
Bb7 9. c3 Qc7 10. Re1 h6 11. Nf1 O-O-O 12. Bf4 Qd7 13. a3 g5 14. Ne5 Nxe5 15.
Bxe5 Rh7 16. Bxf6 Bxf6 17. e5 Be7 18. b4 h5 19. bxc5 Bxc5 20. d4 Be7 21. c4
dxc4 22. Bxb7+ Qxb7 23. Qxc4+ Kb8 24. Rec1 g4 25. Rc3 Rhh8 26. Rac1 Bg5 27.
R1c2 Rc8 28. Qe2 Rxc3 29. Rxc3 Rd8 30. Rd3 Qd5 31. h3 gxh3 32. Qxh5 Qg2# 0-1

[Event "Madrid ch - Semifinal A"]
[Site "Madrid ESP"]
[Date "2011.02.02"]
[Round "9.8"]
[White "Mansilla Tolosa, Luis"]
[Black "Vukotic Jovsic, Dragan"]
[Result "1-0"]
[WhiteElo "2081"]
[BlackElo "1960"]
[PlyCount "61"]
[EventDate "2011.01.17"]
[EventType "swiss"]
[EventRounds "9"]
[EventCountry "ESP"]
[Source "lmi"]
[SourceDate "2011.01.17"]

1. d4 c5 2. d5 d6 3. c4 b5 4. cxb5 a6 5. bxa6 Bxa6 6. Nc3 g6 7. g3 Bg7 8. Bg2
Nf6 9. Nf3 O-O 10. O-O Qa5 11. Bd2 Nbd7 12. Rb1 Rfb8 13. b3 c4 14. Nd4 Qa3 15.
Na4 cxb3 16. axb3 Ne4 17. Ra1 Qxa1 18. Qxa1 Nxd2 19. Qd1 Nxf1 20. Nc6 Nxg3 21.
hxg3 Re8 22. Bh3 Bc8 23. Qc2 Ne5 24. Bxc8 Nxc6 25. dxc6 Raxc8 26. b4 Rc7 27. b5
Rec8 28. e3 e6 29. Kg2 Be5 30. f4 Bg7 31. b6 1-0

[Event "Madrid ch - Semifinal A"]
[Site "Madrid ESP"]
[Date "2011.02.02"]
[Round "9.10"]
[White "Lopez De Turiso, Jose Angel"]
[Black "Lorenzo Bailador, Alfredo"]
[Result "1/2-1/2"]
[WhiteElo "2064"]
[BlackElo "2018"]
[PlyCount "142"]
[EventDate "2011.01.17"]
[EventType "swiss"]
[EventRounds "9"]
[EventCountry "ESP"]
[Source "lmi"]
[SourceDate "2011.01.17"]

1. Nc3 d5 2. e4 Nf6 3. e5 d4 4. exf6 dxc3 5. fxg7 cxd2+ 6. Qxd2 Qxd2+ 7. Bxd2
Bxg7 8. O-O-O Bg4 9. f3 Bf5 10. Bf4 Nd7 11. Bd3 Bxd3 12. Rxd3 O-O-O 13. Nh3 h6
14. Re1 e6 15. Nf2 Nb6 16. Rxd8+ Rxd8 17. Be5 Bxe5 18. Rxe5 Rd5 19. Ng4 h5 20.
Rxd5 Nxd5 21. Nh6 Ne3 22. g4 hxg4 23. fxg4 Kd7 24. h3 Ke7 25. Ng8+ Kf8 26. Nf6
Ke7 27. g5 Kf8 28. h4 Nf5 29. h5 Nd4 30. c3 Nf3 31. Ne4 Kg7 32. Kd1 Ne5 33. Ke2
Nd7 34. Ke3 b6 35. b3 Kh7 36. Kf4 Kg7 37. c4 c5 38. Nd6 Kf8 39. a3 a5 40. Ne4
Kg7 41. Nd6 Kf8 42. h6 Kg8 43. Kg4 Ne5+ 44. Kh5 Kh8 45. Nc8 a4 46. bxa4 Nxc4
47. g6 fxg6+ 48. Kxg6 e5 49. Kf5 Kh7 50. Ke4 Kxh6 51. Kd5 Nxa3 52. Nxb6 e4 53.
Kxe4 Nc2 54. Kd5 Nb4+ 55. Kxc5 Na6+ 56. Kb5 Nc7+ 57. Kc6 Na6 58. Nd5 Kg6 59.
Kb6 Nb8 60. Kb7 Nd7 61. a5 Kf5 62. Kc7 Nc5 63. Kc6 Na6 64. Nc7 Nb8+ 65. Kb7 Nd7
66. Kc6 Nb8+ 67. Kd6 Ke4 68. Ne6 Kd3 69. Kc7 Kc4 70. Kb6 Nd7+ 71. Kc7 Kb5
1/2-1/2

[Event "Madrid ch - Semifinal A"]
[Site "Madrid ESP"]
[Date "2011.02.02"]
[Round "9.11"]
[White "Quintero Torres, Pedro"]
[Black "Rojas Pozo, Jose Luis"]
[Result "1/2-1/2"]
[WhiteElo "1968"]
[BlackElo "1946"]
[PlyCount "102"]
[EventDate "2011.01.17"]
[EventType "swiss"]
[EventRounds "9"]
[EventCountry "ESP"]
[Source "lmi"]
[SourceDate "2011.01.17"]

1. e4 c6 2. d4 d5 3. exd5 cxd5 4. c4 Nf6 5. Nc3 Nc6 6. Nf3 e6 7. cxd5 Nxd5 8.
a3 Be7 9. Bd3 Bf6 10. O-O O-O 11. Re1 Qb6 12. Na4 Qc7 13. Qc2 h6 14. Be3 Qd6
15. Nc3 Nxc3 16. bxc3 b6 17. Qd2 h5 18. Ng5 Be7 19. Qe2 g6 20. Ne4 Qd8 21. Bh6
Re8 22. Qf3 Bb7 23. Qe3 Na5 24. Ng5 Bxg5 25. Bxg5 Qd5 26. Be4 Qxe4 27. Qxe4
Bxe4 28. Rxe4 Rac8 29. Re3 Nc4 30. Rd3 Nb2 31. Rf3 Na4 32. Rc1 Rc4 33. h4 Rec8
34. Bd2 b5 35. Kf1 Nb6 36. Rb1 a6 37. Rb4 Nd5 38. Rb3 Ra4 39. Ke2 Nb6 40. Bc1
Rcc4 41. Rb4 Nd5 42. Rxa4 Rxa4 43. Kd3 Nb6 44. Kc2 Rc4 45. g3 a5 46. Kb3 b4 47.
axb4 axb4 48. Bb2 bxc3 49. Bxc3 Rc8 50. Bb4 Nd5 51. Bc5 Ra8 1/2-1/2

[Event "Madrid ch - Semifinal A"]
[Site "Madrid ESP"]
[Date "2011.02.02"]
[Round "9.12"]
[White "Lozano Sanchez, Jose Antonio"]
[Black "Camarero Izquierdo, Juan C"]
[Result "1-0"]
[WhiteElo "1918"]
[BlackElo "1939"]
[PlyCount "163"]
[EventDate "2011.01.17"]
[EventType "swiss"]
[EventRounds "9"]
[EventCountry "ESP"]
[Source "lmi"]
[SourceDate "2011.01.17"]

1. e4 c5 2. Nf3 d6 3. Bc4 g6 4. Nc3 Bg7 5. d3 Nf6 6. O-O O-O 7. e5 Ng4 8. exd6
exd6 9. Nd5 Nc6 10. a4 Nce5 11. Bb3 Nxf3+ 12. Qxf3 Be5 13. g3 Bg7 14. Re1 Ne5
15. Qg2 Bg4 16. Re3 Qd7 17. f4 Bh3 18. Qe2 Bg4 19. Qg2 Nc6 20. c3 Rae8 21. Bd2
Na5 22. Bc2 Be6 23. Ree1 Qc6 24. Ne3 Qb6 25. Reb1 Nb3 26. Bxb3 Bxb3 27. Re1 Be6
28. Reb1 Bd7 29. b4 c4 30. d4 Qc7 31. b5 b6 32. Nd5 Qc8 33. Re1 Be6 34. Re3 Bh3
35. Qf3 Rxe3 36. Bxe3 Re8 37. Re1 h5 38. Bd2 Rxe1+ 39. Bxe1 Kh7 40. Bd2 Qf5 41.
Ne3 Qd3 42. Qd1 Bc8 43. Qc2 Qe2 44. Qd1 Qd3 45. Qc2 Qxc2 46. Nxc2 Bf5 47. Ne3
Bd3 48. Kf2 f6 49. Bc1 g5 50. fxg5 fxg5 51. Ba3 Bf8 52. Bb4 Kg6 53. a5 bxa5 54.
Bxa5 Be4 55. Bc7 Bb7 56. Nxc4 d5 57. Na5 Bc8 58. Nc6 a6 59. b6 Kf5 60. Na5 Ke4
61. b7 Bxb7 62. Nxb7 Kd3 63. Ba5 Kc4 64. Ke3 Ba3 65. Kd2 g4 66. Kc2 Be7 67. Bb6
Kb5 68. Bc5 Bg5 69. Nd6+ Kc6 70. Nf5 Kb5 71. Ne7 Kc4 72. Nf5 a5 73. Be7 Bxe7
74. Nxe7 a4 75. Nf5 Kb5 76. Ng7 a3 77. Kb3 a2 78. Kxa2 Kc4 79. Kb2 Kd3 80. Nxh5
Ke2 81. Nf6 Kf3 82. Nxd5 1-0

[Event "Madrid ch - Semifinal A"]
[Site "Madrid ESP"]
[Date "2011.02.02"]
[Round "9.13"]
[White "Lopez Peral, Enrique"]
[Black "Garcia Martin, Juan Manuel"]
[Result "0-1"]
[WhiteElo "1877"]
[BlackElo "1903"]
[PlyCount "94"]
[EventDate "2011.01.17"]
[EventType "swiss"]
[EventRounds "9"]
[EventCountry "ESP"]
[Source "lmi"]
[SourceDate "2011.01.17"]

1. Nf3 d5 2. d4 Nf6 3. e3 Bg4 4. Bd3 e6 5. O-O Nbd7 6. c4 e5 7. Be2 Bxf3 8.
gxf3 dxc4 9. Bxc4 Nb6 10. Qb3 Nxc4 11. Qxc4 Bd6 12. dxe5 Bxe5 13. Qb5+ Nd7 14.
f4 Bf6 15. Qxb7 O-O 16. Nc3 Bxc3 17. bxc3 Qh4 18. Qf3 Nb6 19. Kh1 Rad8 20. Ba3
Rfe8 21. Rad1 Nc4 22. Bc1 Qf6 23. Rd4 Rxd4 24. cxd4 Rb8 25. Qd5 Qa6 26. Rg1
Qxa2 27. Qg2 g6 28. h4 Qc2 29. h5 Qf5 30. Qf3 Rb5 31. Rg5 Qb1 32. Qa8+ Rb8 33.
Qd5 Qxc1+ 34. Kh2 Nxe3 35. Qe5 Nf1+ 36. Kg2 Nd2 37. Qe2 Nc4 38. hxg6 hxg6 39.
Rxg6+ fxg6 40. Qe6+ Kf8 41. Qf6+ Ke8 42. Qh8+ Ke7 43. Qxb8 Qxf4 44. Qxa7 Nd2
45. Qc5+ Kf7 46. Qd5+ Kg7 47. Qd7+ Kh6 0-1

[Event "Madrid ch - Semifinal A"]
[Site "Madrid ESP"]
[Date "2011.02.02"]
[Round "9.14"]
[White "Martin-Consuegra Barrilero, Javi"]
[Black "Ruiz Quevedo, Andres"]
[Result "1/2-1/2"]
[WhiteElo "1906"]
[BlackElo "1950"]
[PlyCount "134"]
[EventDate "2011.01.17"]
[EventType "swiss"]
[EventRounds "9"]
[EventCountry "ESP"]
[Source "lmi"]
[SourceDate "2011.01.17"]

1. d4 Nf6 2. Bf4 e6 3. e3 b6 4. Be2 Be7 5. Bf3 c6 6. Ne2 d5 7. Nd2 O-O 8. O-O
Ba6 9. Re1 Nbd7 10. Nc3 Re8 11. e4 Nxe4 12. Ncxe4 dxe4 13. Nxe4 Nf8 14. c3 Ng6
15. Bd2 Qc7 16. Bh5 Rad8 17. Qf3 Bb7 18. Bxg6 hxg6 19. Bf4 Qc8 20. Qg3 Rd5 21.
Nd6 Bxd6 22. Bxd6 Rd8 23. Ba3 Rh5 24. Re5 Rxe5 25. Qxe5 Rd5 26. Qe3 Qd8 27. Re1
Rh5 28. b3 Rg5 29. Bc1 Rf5 30. Qg3 c5 31. Be3 cxd4 32. cxd4 Ra5 33. Re2 e5 34.
Rd2 Rd5 35. f3 exd4 36. Bf2 d3 37. Qf4 g5 38. Qc4 Bc8 39. g4 Be6 40. Qc3 f6 41.
Bg3 Rd7 42. Kf2 Bf7 43. h4 gxh4 44. Bxh4 Bg6 45. Qc4+ Kh7 46. Bg3 Qe7 47. Bf4
Qe8 48. Kg3 Qe1+ 49. Kh3 Re7 50. Qc3 Qg1 51. Qb2 Re1 52. Rg2 Qf1 53. Kg3 Re2
54. Rh2+ Kg8 55. Qc1 Qxc1 56. Bxc1 Re1 57. Bf4 Kf7 58. Rd2 Ke6 59. Kf2 Rh1 60.
Ke3 Kd5 61. Rh2 Re1+ 62. Kd2 Ra1 63. Kc3 Rf1 64. Rh3 Rf2 65. Bd2 Re2 66. f4 f5
67. Rxd3+ Kc6 1/2-1/2

[Event "Madrid ch - Semifinal A"]
[Site "Madrid ESP"]
[Date "2011.02.02"]
[Round "9.15"]
[White "Sarabia Utrilla, Joaquin"]
[Black "Montero Garcia, Francisco Javier"]
[Result "1-0"]
[WhiteElo "1840"]
[BlackElo "1929"]
[PlyCount "57"]
[EventDate "2011.01.17"]
[EventType "swiss"]
[EventRounds "9"]
[EventCountry "ESP"]
[Source "lmi"]
[SourceDate "2011.01.17"]

1. d4 Nf6 2. c4 g6 3. Nc3 Bg7 4. e4 O-O 5. f4 d6 6. Nf3 Na6 7. Be2 e5 8. fxe5
dxe5 9. Nxe5 c5 10. Be3 Nb4 11. O-O cxd4 12. Bxd4 Nc2 13. Bc5 Nxa1 14. Bxf8
Qxf8 15. Nd3 Be6 16. Qxa1 Bxc4 17. Qc1 Bxd3 18. Bxd3 Qc5+ 19. Kh1 Ng4 20. Qf4
Ne5 21. Bc2 Rd8 22. Bb3 Kh8 23. Qh4 Rd2 24. Qg5 Rxb2 25. Rxf7 h6 26. Qd8+ Kh7
27. Rc7 Nf7 28. Bxf7 Qxc3 29. Qg8# 1-0

[Event "Madrid ch - Semifinal A"]
[Site "Madrid ESP"]
[Date "2011.02.02"]
[Round "9.16"]
[White "Perez Del Amo, Jorge"]
[Black "Galan Aguado, Fernando"]
[Result "1/2-1/2"]
[WhiteElo "1854"]
[BlackElo "1841"]
[PlyCount "47"]
[EventDate "2011.01.17"]
[EventType "swiss"]
[EventRounds "9"]
[EventCountry "ESP"]
[Source "lmi"]
[SourceDate "2011.01.17"]

1. d4 Nf6 2. Nf3 e6 3. e3 b6 4. Bd3 Bb7 5. b3 d5 6. Bb2 Bd6 7. Nbd2 O-O 8. O-O
Nbd7 9. c4 c5 10. Ne5 Ne4 11. f3 Nxd2 12. Qxd2 f5 13. f4 Nf6 14. Qe2 Ne4 15.
Qh5 Rf6 16. Rad1 Qe7 17. Qh4 Qe8 18. Rf3 Rh6 19. Qe1 dxc4 20. Bxc4 Nf6 21. Rg3
Ne4 22. Rf3 Nf6 23. Rg3 Ne4 24. Rf3 1/2-1/2